Central Library OPAC University of Rajshahi

Crime and the Services / (Record no. 51911)

MARC details
000 -LEADER
fixed length control field 01047nam a2200277 a 4500
001 - CONTROL NUMBER
control field 51911
003 - CONTROL NUMBER IDENTIFIER
rucl marc code BD-RjUL
005 - DATE AND TIME OF LATEST TRANSACTION
control field 20211209075729.0
008 - FIXED-LENGTH DATA ELEMENTS--GENERAL INFORMATION
fixed length control field 160904s1954 enk b 001 0 eng
035 ## - SYSTEM CONTROL NUMBER
System control number (BD-RjUL) 52031
040 ## - CATALOGING SOURCE
Original cataloging agency DLC
Transcribing agency GFV
Modifying agency OCL
-- NRC
-- OCL
-- UKM
-- BD-RjUL
-- EQO
Language of cataloging eng
041 ## - LANGUAGE CODE
Language code of text/sound track or separate title eng
082 04 - DEWEY DECIMAL CLASSIFICATION NUMBER
Classification number 364.256
Edition number 23
Author mark and year SPC 1954
100 1# - MAIN ENTRY--PERSONAL NAME
Personal name Spencer, John Carrington.
9 (RLIN) 155264
245 10 - TITLE STATEMENT
Title Crime and the Services /
Statement of responsibility, etc. John C. Spencer ; forword by Hermann Mannheim.
260 ## - PUBLICATION, DISTRIBUTION, ETC. (IMPRINT)
Place of publication, distribution, etc. London :
Name of publisher, distributor, etc. Routledge & Paul,
Date of publication, distribution, etc. c1954
300 ## - PHYSICAL DESCRIPTION
Pagination xii, 306 p. ;
Size 23 cm.
490 1# - SERIES STATEMENT
Series statement International library of sociology and social reconstruction
500 ## - GENERAL NOTE
General note "In its original form ... [the author's] thesis for the doctorate of philosophy ... University of London."
504 ## - BIBLIOGRAPHY, ETC. NOTE
Bibliography, etc Bibliography: p. 289-300 and index.
650 #0 - SUBJECT ADDED ENTRY--TOPICAL TERM
Topical term or geographic name as entry element Criminals.
9 (RLIN) 155265
Topical term or geographic name as entry element Soldiers.
9 (RLIN) 155266
Topical term or geographic name as entry element Veterans.
9 (RLIN) 149021
830 #0 - SERIES ADDED ENTRY--UNIFORM TITLE
Uniform title International library of sociology and social reconstruction (Routledge & Kegan Paul)
942 ## - ADDED ENTRY ELEMENTS (KOHA)
Source of classification or shelving scheme Dewey Decimal Classification
Koha item type Books
Holdings
Lost status Source of classification or shelving scheme Damaged status Not for loan Collection code Permanent Location Current Location Shelving location Date acquired Source of acquisition Cost, normal purchase price Total Checkouts Full call number Date last seen Copy number Koha item type
  Dewey Decimal Classification     Non-fiction Central Library, University of Rajshahi Central Library, University of Rajshahi   01/06/1968 Pakistan Book Centre 21.00   364.256 SPC 1954 04/09/2016 C-2 Books
  Dewey Decimal Classification   Not For Loan Non-fiction Central Library, University of Rajshahi Central Library, University of Rajshahi Reading Room 12/09/1955 B.H. Blackwell 1.83   364.256 SPC 1954 28/12/2016 C-1 Books